Accounts and audit of pension schemes / (Record no. 18969)
[ view plain ]
| 000 -LEADER | |
|---|---|
| fixed length control field | 00617nam a2200193Ia 4500 |
| 020 ## - INTERNATIONAL STANDARD BOOK NUMBER | |
| ISBN | 0406003483 (pbk.) |
| 040 ## - CATALOGING SOURCE | |
| Transcribing agency | DGW |
| 082 04 - DEWEY DECIMAL CLASSIFICATION NUMBER | |
| Classification number | 657 ADB 2008 C156 Or. |
| 100 1# - MAIN ENTRY--AUTHOR NAME | |
| Personal name | Mascarenhas, Amyas |
| 245 10 - TITLE STATEMENT | |
| Title | Accounts and audit of pension schemes / |
| 250 ## - EDITION STATEMENT | |
| Edition statement | Second edition |
| 300 ## - PHYSICAL DESCRIPTION | |
| Number of Pages | xiii, 322 pages ; |
| Dimensions | 25 cm |
| 500 ## - GENERAL NOTE | |
| General note | Joint 2nd edition of: Spicer and Pegler's accounts and audit of pension schemes and Pension scheme disclosure : a practical guide |
| 500 ## - GENERAL NOTE | |
| General note | Includes index |
| 650 #0 - SUBJECT ADDED ENTRY--TOPICAL TERM | |
| Topical Term | Pension trusts |
| 650 #0 - SUBJECT ADDED ENTRY--TOPICAL TERM | |
| Topical Term | Disclosure in accounting |
| 700 1# - ADDED ENTRY--PERSONAL NAME | |
| Personal name | Sienkiewicz, Teresa |
| 942 ## - ADDED ENTRY ELEMENTS (KOHA) | |
| Koha item type | ADB |
| 952 ## - LOCATION AND ITEM INFORMATION (KOHA) | |
| Withdrawn status [LOCAL, KOHA] | 0 |
| Source of acquisition | Permanent Location | Date acquired | Koha item type | Lost status | Shelving location | Current Location | Full call number |
|---|---|---|---|---|---|---|---|
| A39433 | Library Block C | 2020-02-18 | សៀវភៅភាសាអង់គ្លេស | C156 | Library Block C | 657 ADB 2008 C156 Or. |